[Event "Bad Woerishofen op"]
[Site "?"]
[Date "2000.??.??"]
[Round "5"]
[White "Betz, Egon"]
[Black "Josting, Friedel"]
[Result "1/2-1/2"]
[WhiteElo "1910"]
[BlackElo "1790"]
[Annotator "ChessOrg"]
[PlyCount "58"]
[EventDate "2000.??.??"]
[Source "ChessBase"]
[SourceDate "1998.04.29"]

1. e4 c5 2. Nc3 Nc6 3. f4 g6 4. Nf3 Bg7 5. Bb5 a6 6. Bxc6 bxc6 7. O-O Nf6 8. d3
O-O 9. Rb1 Rb8 10. Na4 d6 11. h3 a5 12. Qe1 Ba6 13. c4 Ra8 14. Bd2 Bc8 15. e5
Ne8 16. Qe3 Nc7 17. Bc3 Ne6 18. b3 Ra7 19. g4 Rd7 20. f5 gxf5 21. gxf5 Nd4 22.
e6 Nxf5 23. Qg5 fxe6 24. Nh4 Rf7 25. Nxf5 exf5 26. Rxf5 e5 27. Qxd8+ Rxd8 28.
Rxf7 Kxf7 29. Bxa5 Rg8 1/2-1/2

[Event "Bad Woerishofen op"]
[Site "?"]
[Date "2000.??.??"]
[Round "7"]
[White "Betz, Egon"]
[Black "Borger, Martin"]
[Result "1-0"]
[WhiteElo "1910"]
[BlackElo "1760"]
[Annotator "ChessOrg"]
[PlyCount "53"]
[EventDate "2000.??.??"]
[Source "ChessBase"]
[SourceDate "1998.04.29"]

1. e4 e5 2. Nf3 Nc6 3. d4 exd4 4. Nxd4 d6 5. Nc3 Nf6 6. Be2 Be7 7. O-O O-O 8.
f4 Nxd4 9. Qxd4 b6 10. Be3 Bb7 11. Bf3 Nd7 12. Qd2 Bf6 13. e5 Bxf3 14. exf6 Bb7
15. fxg7 Re8 16. f5 Nf6 17. Bd4 c5 18. Bf2 a6 19. Bh4 Ne4 20. Qh6 Qd7 21. Ne2
Nf6 22. Nf4 Ng4 23. Qg5 Ne3 24. Nh5 Nd5 25. c4 f6 26. Qh6 Re2 27. cxd5 1-0

[Event "Bad Woerishofen op"]
[Site "Bad Woerishofen"]
[Date "2000.??.??"]
[Round "9"]
[White "Betz, Egon"]
[Black "Fels, Karl-Heinz"]
[Result "0-1"]
[WhiteElo "1910"]
[BlackElo "1927"]
[Annotator "ChessOrg"]
[PlyCount "80"]
[EventDate "1998.03.05"]
[Source "ChessBase"]
[SourceDate "1998.04.29"]

1. e4 e5 2. Nf3 Nc6 3. d4 exd4 4. Nxd4 Qf6 5. Be3 Bc5 6. c3 Nge7 7. Bc4 Ne5 8.
Be2 d6 9. O-O Qg6 10. f3 O-O 11. b4 Bb6 12. Nc2 f5 13. Bxb6 axb6 14. f4 Ng4 15.
h3 Nf6 16. e5 Ne4 17. Bh5 Qh6 18. exd6 Nxd6 19. Ne3 Be6 20. a4 Rad8 21. Be2 Ne4
22. Qe1 Nd5 23. Nxd5 Rxd5 24. Bc4 Rd6 25. Bxe6+ Qxe6 26. Na3 Rd3 27. Nb5 Qc4
28. Rc1 Rfd8 29. Nd4 g6 30. Qh4 Rf8 31. Rf3 Rxf3 32. Nxf3 Qd3 33. Re1 Qxc3 34.
Rd1 h5 35. Ne5 Rf6 36. Nxg6 Rxg6 37. Qd8+ Kh7 38. Qf8 Qe3+ 39. Kh1 Nf2+ 40. Kh2
Qg3+ 0-1

[Event "Bad Woerishofen op"]
[Site "?"]
[Date "2000.??.??"]
[Round "1"]
[White "Bierbach, Utz"]
[Black "Schmitzer, Horst"]
[Result "0-1"]
[WhiteElo "1756"]
[BlackElo "2252"]
[Annotator "ChessOrg"]
[PlyCount "48"]
[EventDate "2000.??.??"]
[Source "ChessBase"]
[SourceDate "1998.04.29"]

1. d4 Nf6 2. c4 e6 3. Nf3 b6 4. e3 Bb7 5. Bd3 Be7 6. Nc3 O-O 7. O-O d5 8. b3
Nbd7 9. Bb2 c5 10. cxd5 exd5 11. Re1 Ne4 12. Rc1 Rc8 13. Ne5 cxd4 14. exd4 Bb4
15. Bxe4 dxe4 16. Nxd7 Qxd7 17. a3 Bxc3 18. Rxc3 Rxc3 19. Bxc3 Qd5 20. Re3 f5
21. f3 Rf7 22. fxe4 fxe4 23. h3 Ba6 24. Re1 e3 0-1

[Event "Bad Woerishofen op"]
[Site "?"]
[Date "2000.??.??"]
[Round "4"]
[White "Bierbach, Utz"]
[Black "Weibrecht, Carl"]
[Result "1-0"]
[WhiteElo "1756"]
[BlackElo "1600"]
[Annotator "ChessOrg"]
[PlyCount "103"]
[EventDate "2000.??.??"]
[Source "ChessBase"]
[SourceDate "1998.04.29"]

1. d4 g6 2. c4 Bg7 3. Nc3 d6 4. e4 c5 5. d5 e6 6. Nf3 Nf6 7. Be2 O-O 8. h3 a6
9. Bg5 Qc7 10. O-O e5 11. Qd2 Nbd7 12. Bh6 Ne8 13. g4 Ndf6 14. Nh2 Kh8 15. Be3
Ng8 16. Kg2 Qe7 17. g5 f5 18. gxf6 Nexf6 19. Ng4 Nh5 20. Rh1 Nf4+ 21. Bxf4 Rxf4
22. f3 h5 23. Nf2 Qg5+ 24. Kf1 Qh4 25. Qd3 Bf6 26. Ncd1 Qg3 27. Ke1 Bg5 28. Ne3
Rh4 29. Nf1 Qf4 30. Kd1 Bd7 31. Kc2 b5 32. Qd2 Qf8 33. Qa5 bxc4 34. Nd2 Bb5 35.
a4 Bxd2 36. Qxd2 Bd7 37. Qe3 Rf4 38. Qc3 Qd8 39. Qxc4 Qb6 40. Nd3 Rh4 41. Rag1
Kh7 42. Nf2 a5 43. b3 Bc8 44. Qb5 Qd8 45. Qd3 Ba6 46. Qd2 Bxe2 47. Qxe2 Rb8 48.
Nd3 Qc8 49. Qg2 Ne7 50. Qg5 Rxh3 51. Qxe7+ Kh8 52. Qf6+ 1-0

[Event "Bad Woerishofen op"]
[Site "?"]
[Date "2000.??.??"]
[Round "6"]
[White "Bierbach, Utz"]
[Black "Puls, Harry"]
[Result "1/2-1/2"]
[WhiteElo "1756"]
[BlackElo "1616"]
[Annotator "ChessOrg"]
[PlyCount "92"]
[EventDate "2000.??.??"]
[Source "ChessBase"]
[SourceDate "1998.04.29"]

1. d4 d5 2. c4 e6 3. Nf3 Nf6 4. g3 Be7 5. Bg2 O-O 6. O-O Nbd7 7. b3 Ne4 8. Bb2
c6 9. Nbd2 Nxd2 10. Nxd2 Nf6 11. e4 dxe4 12. Nxe4 Nxe4 13. Bxe4 Bf6 14. Qc2 h6
15. Rad1 Qc7 16. Rd2 b6 17. Rfd1 Bb7 18. d5 Bxb2 19. d6 Qd7 20. Qxb2 c5 21.
Bxb7 Qxb7 22. d7 Qc7 23. Rd6 Rad8 24. Qe2 Qb7 25. h4 a6 26. a4 Qc7 27. Qe4 Rb8
28. Qd3 Rfd8 29. h5 Rb7 30. Qe2 Qb8 31. Qe3 Qa7 32. Qd3 Rc7 33. g4 Qb7 34. Kh2
Rc6 35. Rxc6 Qxc6 36. Kg3 Kf8 37. Qd6+ Qxd6+ 38. Rxd6 Ke7 39. Rxb6 Rxd7 40.
Rxa6 Rd3+ 41. f3 Rxb3 42. Ra7+ Kf6 43. Rc7 Rb4 44. Rxc5 Rxa4 45. Kf4 g5+ 46.
hxg6 fxg6 1/2-1/2

[Event "Bad Woerishofen op"]
[Site "?"]
[Date "2000.??.??"]
[Round "8"]
[White "Bierbach, Utz"]
[Black "Tochtermann, Georg"]
[Result "1/2-1/2"]
[WhiteElo "1756"]
[BlackElo "1864"]
[Annotator "ChessOrg"]
[PlyCount "84"]
[EventDate "2000.??.??"]
[Source "ChessBase"]
[SourceDate "1998.04.29"]

1. d4 Nf6 2. c4 e6 3. g3 Bb4+ 4. Bd2 a5 5. Bg2 O-O 6. a3 Bxd2+ 7. Qxd2 d5 8. b3
c6 9. Nc3 Qc7 10. Nf3 Nbd7 11. O-O Rb8 12. cxd5 exd5 13. Rac1 Qd6 14. a4 Re8
15. Qc2 Nf8 16. Ne5 g6 17. Qd2 Kg7 18. e3 h5 19. Ne2 Ra8 20. Nf4 Bf5 21. f3 g5
22. Nxh5+ Nxh5 23. g4 Bg6 24. gxh5 Bxh5 25. Rfe1 f6 26. Nd3 Ne6 27. Nc5 Rh8 28.
Nxe6+ Qxe6 29. e4 dxe4 30. Rxe4 Qd6 31. Rce1 Rae8 32. f4 Rxe4 33. Rxe4 Bg6 34.
Re2 Bf7 35. Rf2 Rd8 36. fxg5 f5 37. Qxa5 Qxd4 38. Qxf5 Bg6 39. Qf6+ Qxf6 40.
gxf6+ Kf7 41. Rf4 Rd3 42. Rb4 Rd7 1/2-1/2

[Event "Bad Woerishofen op"]
[Site "?"]
[Date "2000.??.??"]
[Round "1"]
[White "Bierwisch, Bernhard"]
[Black "Ganslmayer, Herbert"]
[Result "1-0"]
[WhiteElo "2109"]
[BlackElo "1770"]
[Annotator "ChessOrg"]
[PlyCount "89"]
[EventDate "2000.??.??"]
[Source "ChessBase"]
[SourceDate "1998.04.29"]

1. e4 d5 2. exd5 Qxd5 3. Nc3 Qa5 4. d4 c6 5. Nf3 Nf6 6. Bd2 Qc7 7. Bd3 Bg4 8.
h3 Bh5 9. Ne4 Nbd7 10. Bg5 O-O-O 11. c3 Nxe4 12. Bxe4 f6 13. Be3 e6 14. g4 Bf7
15. Qa4 a6 16. O-O-O Nb6 17. Qc2 Nc4 18. Nd2 Nxe3 19. fxe3 g6 20. Bd3 Bh6 21.
Rde1 f5 22. Nc4 Kb8 23. Ne5 Rhf8 24. Bc4 Bg8 25. Qb3 c5 26. Kb1 Rd6 27. Rhf1
Ka7 28. gxf5 Rb6 29. Qa4 exf5 30. Bxg8 Rxg8 31. Nd7 Rb5 32. Nxc5 Re8 33. c4
Rxc5 34. Qxe8 Rxc4 35. Rc1 Bg5 36. Qe6 Rxc1+ 37. Rxc1 Qg3 38. Rc3 Qxh3 39. a3
Qf1+ 40. Ka2 Bd8 41. Qg8 Ba5 42. Rc8 Qf3 43. Ra8+ Kb6 44. Qe6+ Kb5 45. a4+ 1-0

[Event "Bad Woerishofen op"]
[Site "?"]
[Date "2000.??.??"]
[Round "3"]
[White "Bierwisch, Bernhard"]
[Black "Scheerer, Helmut"]
[Result "1/2-1/2"]
[WhiteElo "2109"]
[BlackElo "1840"]
[Annotator "ChessOrg"]
[PlyCount "92"]
[EventDate "2000.??.??"]
[Source "ChessBase"]
[SourceDate "1998.04.29"]

1. e4 e5 2. Nf3 Nc6 3. Bb5 Nf6 4. d3 d6 5. c3 Be7 6. Nbd2 O-O 7. Nf1 d5 8. Qe2
dxe4 9. dxe4 Bd6 10. Ng3 Ne7 11. Bg5 Ng6 12. Nh5 Qe7 13. Nh4 Nf4 14. Nxf6+ Qxf6
15. Bxf6 Nxe2 16. Bxe5 Bxe5 17. Kxe2 Be6 18. Nf3 Bg4 19. h3 Bxf3+ 20. Kxf3 Rad8
21. Rad1 Rd6 22. Rd5 Rxd5 23. exd5 Rd8 24. Ke4 Bf6 25. f4 h6 26. Rd1 Kf8 27.
Rd3 Be7 28. g4 Rd6 29. b4 Rd8 30. a3 a5 31. Rd4 axb4 32. cxb4 Bd6 33. g5 hxg5
34. fxg5 g6 35. a4 Kg7 36. Kf3 Be5 37. Rd3 Bd6 38. Rb3 Be7 39. Rc3 Bxb4 40.
Rxc7 Rxd5 41. Rxb7 Rxg5 42. Bc4 Rf5+ 43. Ke4 Bd2 44. Kd3 Be1 45. Bb3 g5 46. Ke2
Bc3 1/2-1/2

[Event "Bad Woerishofen op"]
[Site "?"]
[Date "2000.??.??"]
[Round "5"]
[White "Bierwisch, Bernhard"]
[Black "Limberg, Siegfried"]
[Result "1-0"]
[WhiteElo "2109"]
[BlackElo "1980"]
[Annotator "ChessOrg"]
[PlyCount "129"]
[EventDate "2000.??.??"]
[Source "ChessBase"]
[SourceDate "1998.04.29"]

1. e4 c5 2. Nc3 Nc6 3. Nf3 e5 4. Bb5 Nge7 5. d3 a6 6. Bc4 h6 7. a4 d6 8. h3 g6
9. g4 Bg7 10. Be3 Bd7 11. Nd5 Na5 12. Qd2 b5 13. Nxe7 bxc4 14. Nd5 Rb8 15. Ra2
Be6 16. Qc3 cxd3 17. Qxd3 Nc6 18. c3 a5 19. Nd2 O-O 20. Rg1 Kh7 21. Nc4 f6 22.
h4 Kh8 23. Ra1 Rf7 24. Qd2 Qf8 25. Rd1 Rfb7 26. f3 Rd8 27. Rg2 f5 28. gxf5 gxf5
29. Qe2 Qf7 30. Rd2 Qh5 31. Bf2 fxe4 32. fxe4 Qxe2+ 33. Kxe2 h5 34. Nde3 Bf8
35. Kd1 Kh7 36. Kc1 Bf7 37. Rd1 Bg6 38. Nd2 Bh6 39. Rdg1 Bf7 40. Kc2 Rdb8 41.
Nd1 Ne7 42. Be3 Bg6 43. Bg5 Be8 44. Bxh6 Kxh6 45. Rf1 d5 46. Rf6+ Bg6 47. Kc1
Rb6 48. Rxb6 Rxb6 49. exd5 Nxd5 50. Nc4 Re6 51. Rg5 Nf4 52. Kd2 e4 53. Ke3 Nd3
54. Nf2 Nxf2 55. Kxf2 Rf6+ 56. Ke2 Rf4 57. Rxc5 Rxh4 58. Rxa5 Rh2+ 59. Ke3 h4
60. Ne5 Rxb2 61. Ra6 Rg2 62. Nxg6 Rg3+ 63. Kxe4 h3 64. Nf4+ Kg7 65. Nh5+ 1-0

[Event "Bad Woerishofen op"]
[Site "?"]
[Date "2000.??.??"]
[Round "7"]
[White "Bierwisch, Bernhard"]
[Black "Neese, Hans-Joachim"]
[Result "1-0"]
[WhiteElo "2109"]
[BlackElo "2150"]
[Annotator "ChessOrg"]
[PlyCount "75"]
[EventDate "2000.??.??"]
[Source "ChessBase"]
[SourceDate "1998.04.29"]

1. e4 c5 2. Nf3 d6 3. d4 cxd4 4. Nxd4 Nf6 5. Nc3 a6 6. Be2 e6 7. O-O Qc7 8. f4
Nc6 9. Be3 Be7 10. Kh1 Bd7 11. Qd2 Rc8 12. Nb3 b5 13. Bf3 O-O 14. Rad1 Rfd8 15.
Qf2 Rb8 16. g4 b4 17. Ne2 d5 18. e5 Ne4 19. Bxe4 dxe4 20. Nc5 Bc8 21. Ng3 Bh4
22. Ncxe4 Bb7 23. Bb6 Qc8 24. Bxd8 Nxd8 25. Qe2 Qc6 26. Rd6 Qc5 27. Rfd1 Be7
28. Rd7 Ba8 29. Kg2 Kf8 30. Kh3 Qc6 31. Qd2 Qb6 32. f5 exf5 33. gxf5 Bc6 34.
Rxe7 Kxe7 35. Qd6+ Ke8 36. f6 Qb7 37. fxg7 Qc8+ 38. Kh4 1-0

[Event "Bad Woerishofen op"]
[Site "?"]
[Date "2000.??.??"]
[Round "9"]
[White "Bierwisch, Bernhard"]
[Black "Ziltener, Werner"]
[Result "1/2-1/2"]
[WhiteElo "2109"]
[BlackElo "1984"]
[Annotator "ChessOrg"]
[PlyCount "124"]
[EventDate "2000.??.??"]
[Source "ChessBase"]
[SourceDate "1998.04.29"]

1. e4 e5 2. Nf3 Nc6 3. Bb5 Nf6 4. d3 Bc5 5. O-O d6 6. Nc3 h6 7. Nd5 O-O 8. Be3
Nxd5 9. exd5 Nd4 10. Bxd4 Bxd4 11. Nxd4 exd4 12. Re1 a6 13. Ba4 b5 14. Bb3 Bd7
15. Qf3 Re8 16. Re4 Rxe4 17. dxe4 Qe7 18. a4 Re8 19. axb5 Bxb5 20. Re1 Qg5 21.
Qd1 Qe5 22. g3 g5 23. Qd2 Kh7 24. f4 gxf4 25. Qxf4 f5 26. c4 dxc3 27. bxc3 Qxf4
28. gxf4 Rxe4 29. Rxe4 fxe4 30. c4 Bd7 31. Kf2 Bg4 32. Ke3 Bf3 33. Ba4 Kg6 34.
Be8+ Kf6 35. Ba4 Bg2 36. Bc2 Kf5 37. Ba4 Bf1 38. Bd7+ Kf6 39. Kxe4 Bxc4 40. Bc8
Bb5 41. Kd4 a5 42. Kc3 Ke7 43. Bf5 c5 44. dxc6 Bxc6 45. Kc4 Kf6 46. Bc2 Ke6 47.
Bd3 a4 48. Bh7 Bd5+ 49. Kb4 Bb3 50. Bd3 Kd5 51. Kc3 Kc5 52. Bg6 Bd5 53. f5 Be4
54. Bh7 d5 55. f6 Kd6 56. Bg8 Kd7 57. Kb4 d4 58. Bc4 Bc2 59. h4 Ke8 60. Ba2 Bb3
61. Bxb3 axb3 62. Kxb3 Kf7 1/2-1/2

[Event "Bad Woerishofen op"]
[Site "?"]
[Date "2000.??.??"]
[Round "1"]
[White "Bister, Hans-Bernd"]
[Black "Schratzenstaller, Andreas"]
[Result "0-1"]
[WhiteElo "1490"]
[BlackElo "1828"]
[Annotator "ChessOrg"]
[PlyCount "52"]
[EventDate "2000.??.??"]
[Source "ChessBase"]
[SourceDate "1998.04.29"]

1. c4 Nf6 2. Nf3 d5 3. e3 Bg4 4. d4 c6 5. Nc3 e6 6. h3 Bh5 7. cxd5 exd5 8. Be2
Nbd7 9. O-O Bd6 10. Nh2 Bxe2 11. Qxe2 Qc7 12. Ng4 O-O-O 13. Bd2 Rde8 14. Rac1
a6 15. Nxf6 Nxf6 16. Na4 Kb8 17. Nc5 Bxc5 18. Rxc5 Ne4 19. Ba5 b6 20. Qxa6 Nxc5
21. dxc5 bxa5 22. Rc1 Re4 23. a3 Rc4 24. Rb1 Rxc5 25. b4 Rb5 26. Rc1 Qb7 0-1

[Event "Bad Woerishofen op"]
[Site "?"]
[Date "2000.??.??"]
[Round "3"]
[White "Bister, Hans-Bernd"]
[Black "Block, Herbert"]
[Result "0-1"]
[WhiteElo "1490"]
[BlackElo "1616"]
[Annotator "ChessOrg"]
[PlyCount "84"]
[EventDate "2000.??.??"]
[Source "ChessBase"]
[SourceDate "1998.04.29"]

1. c4 c5 2. Nf3 Nc6 3. Nc3 d6 4. g3 Nf6 5. Bg2 g6 6. b3 Bg7 7. Bb2 O-O 8. Nd5
e5 9. O-O Be6 10. Ne1 Qd7 11. e3 Bh3 12. f3 Bxg2 13. Kxg2 Nxd5 14. cxd5 Ne7 15.
e4 f5 16. d3 f4 17. g4 g5 18. Nc2 Ng6 19. Rh1 Nh4+ 20. Kf2 h5 21. h3 hxg4 22.
hxg4 Kf7 23. Ne1 Rh8 24. Ng2 Qb5 25. Rc1 b6 26. Qd2 Qa6 27. a3 Rac8 28. b4 Bf6
29. bxc5 bxc5 30. Rc4 Rb8 31. Qc2 Qb6 32. Rb1 Ng6 33. Qd1 Rh2 34. Rcc1 Nh4 35.
Bxe5 Rxg2+ 36. Kf1 Qc7 37. d4 dxe5 38. Rxc5 Qd8 39. dxe5 Bxe5 40. Rbc1 Rh2 41.
Kg1 Rg2+ 42. Kf1 Rbb2 0-1

[Event "Bad Woerishofen op"]
[Site "?"]
[Date "2000.??.??"]
[Round "5"]
[White "Bister, Hans-Bernd"]
[Black "Budde, Reinhard"]
[Result "1/2-1/2"]
[WhiteElo "1490"]
[BlackElo "1621"]
[Annotator "ChessOrg"]
[PlyCount "60"]
[EventDate "2000.??.??"]
[Source "ChessBase"]
[SourceDate "1998.04.29"]

1. c4 Nf6 2. Nf3 g6 3. Nc3 Bg7 4. d4 c6 5. e3 d5 6. Be2 O-O 7. O-O dxc4 8. Bxc4
Bg4 9. h3 Bxf3 10. Qxf3 Nbd7 11. Rd1 e6 12. e4 Qc7 13. e5 Nd5 14. Ne4 f6 15.
exf6 N7xf6 16. Nxf6+ Rxf6 17. Qd3 Raf8 18. Rf1 Qd6 19. Bxd5 exd5 20. Be3 Rf5
21. Rac1 R5f7 22. a3 Qf6 23. Rc2 Qh4 24. b4 a6 25. a4 Bh6 26. Bxh6 Qxh6 27. b5
axb5 28. axb5 Qh4 29. bxc6 bxc6 30. Qe3 Re7 1/2-1/2

[Event "Bad Woerishofen op"]
[Site "?"]
[Date "2000.??.??"]
[Round "7"]
[White "Bister, Hans-Bernd"]
[Black "Wendel, Walter"]
[Result "1/2-1/2"]
[WhiteElo "1490"]
[BlackElo "1600"]
[Annotator "ChessOrg"]
[PlyCount "68"]
[EventDate "2000.??.??"]
[Source "ChessBase"]
[SourceDate "1998.04.29"]

1. c4 c5 2. Nf3 Nf6 3. Nc3 Nc6 4. e3 g6 5. b3 Bg7 6. Bb2 d6 7. Nd5 O-O 8. Be2
e5 9. d4 exd4 10. exd4 Nxd5 11. cxd5 Qa5+ 12. Kf1 Ne7 13. Qd2 Qxd2 14. Nxd2 Nf5
15. Nc4 Re8 16. Rd1 Bd7 17. a4 Re7 18. dxc5 Bxb2 19. Nxb2 Rae8 20. Bc4 Re4 21.
g3 dxc5 22. Nd3 b6 23. Nf4 Nd6 24. Ba6 Bg4 25. Rb1 Bf3 26. Rg1 Rd4 27. Be2
Bxe2+ 28. Nxe2 Rxd5 29. Nc3 Rd2 30. Kg2 Kf8 31. Rgd1 Rxd1 32. Rxd1 Rd8 33. Nb5
Nb7 34. Rxd8+ Nxd8 1/2-1/2

[Event "Bad Woerishofen op"]
[Site "Bad Woerishofen"]
[Date "2000.??.??"]
[Round "9"]
[White "Bister, Hans-Bernd"]
[Black "Weber, Siegfried"]
[Result "1/2-1/2"]
[WhiteElo "1490"]
[BlackElo "1651"]
[Annotator "ChessOrg"]
[PlyCount "111"]
[EventDate "1998.03.05"]
[Source "ChessBase"]
[SourceDate "1998.04.29"]

1. c4 g6 2. Nf3 d6 3. Nc3 Bg7 4. d4 Nf6 5. e3 O-O 6. b3 Nbd7 7. Bb2 c5 8. Be2
a6 9. O-O Qc7 10. Rc1 b6 11. Qd2 Bb7 12. h3 Rad8 13. d5 Ne8 14. e4 Bc8 15. Rfe1
e5 16. a3 Ndf6 17. Nh2 Nh5 18. Bxh5 gxh5 19. Qg5 Nf6 20. g4 h6 21. Qe3 hxg4 22.
hxg4 Nxg4 23. Nxg4 Bxg4 24. Kh2 Qe7 25. Qg3 Qg5 26. Rh1 Qf4 27. Rcg1 Bh5 28.
Bc1 Qxg3+ 29. Rxg3 Bg6 30. f3 Kh7 31. Kg2 f5 32. Rgh3 f4 33. Bd2 Rf6 34. Be1
Bf7 35. Bh4 Rg6+ 36. Kf1 Rd7 37. Na4 b5 38. cxb5 axb5 39. Nb6 Ra7 40. a4 bxa4
41. bxa4 Be8 42. Kf2 Bf6 43. Bxf6 Rxf6 44. Ra1 Bg6 45. Rah1 Be8 46. Ra1 Bb5 47.
Rhh1 Bd3 48. a5 Rf8 49. Rhd1 c4 50. Rdc1 Rb8 51. Nxc4 Bxc4 52. Rxc4 Rb2+ 53.
Kf1 Rb3 54. Kf2 Rb2+ 55. Kf1 Rb3 56. Kf2 1/2-1/2

[Event "Bad Woerishofen op"]
[Site "?"]
[Date "2000.??.??"]
[Round "2"]
[White "Block, Herbert"]
[Black "Kraft, Hans"]
[Result "0-1"]
[WhiteElo "1616"]
[BlackElo "2044"]
[Annotator "ChessOrg"]
[PlyCount "79"]
[EventDate "2000.??.??"]
[Source "ChessBase"]
[SourceDate "1998.04.29"]

1. c4 c5 2. Nc3 Nc6 3. d3 Nf6 4. Nf3 e6 5. Bg5 Be7 6. e4 d6 7. Be2 h6 8. Be3
O-O 9. O-O Ng4 10. Bf4 Bf6 11. h3 Nge5 12. Nh2 Nd4 13. Ng4 Nxe2+ 14. Qxe2 Nxg4
15. hxg4 e5 16. Bg3 Bh4 17. Bh2 Be6 18. Nd5 Bxd5 19. cxd5 b5 20. g3 Bf6 21. Kg2
a5 22. f4 a4 23. Rab1 Qe7 24. Rh1 g5 25. Bg1 Bg7 26. Be3 f6 27. Rbf1 exf4 28.
gxf4 c4 29. Bd4 Rae8 30. Re1 f5 31. Bxg7 Qxg7 32. fxg5 cxd3 33. gxh6 Qd4 34.
Qd2 fxe4 35. Qe3 Qxb2+ 36. Kg1 Qe5 37. Rh5 Qf4 38. Rg5+ Kh8 39. Qd4+ Re5 40.
Qe3 0-1

[Event "Bad Woerishofen op"]
[Site "?"]
[Date "2000.??.??"]
[Round "4"]
[White "Block, Herbert"]
[Black "Gensbauer, Viktor"]
[Result "0-1"]
[WhiteElo "1616"]
[BlackElo "1792"]
[Annotator "ChessOrg"]
[PlyCount "71"]
[EventDate "2000.??.??"]
[Source "ChessBase"]
[SourceDate "1998.04.29"]

1. c4 Nf6 2. Nc3 e5 3. d3 Bc5 4. e4 c6 5. Bg5 d6 6. Qf3 Nbd7 7. a3 Qe7 8. Be3
O-O 9. h3 Qe6 10. b4 Bb6 11. Nge2 Re8 12. Ng3 g6 13. Be2 h5 14. O-O Kg7 15. Nh1
Rh8 16. Qg3 h4 17. Qh2 Nh5 18. Bxb6 Nxb6 19. Bg4 Qe7 20. Bxh5 Rxh5 21. f4 f6
22. f5 gxf5 23. Rf3 f4 24. Nf2 Be6 25. Ne2 Rg8 26. Nxf4 exf4 27. Qxf4 Nd7 28.
Rf1 Ne5 29. Re3 Ng6 30. Qf3 Rg5 31. Ng4 Bxg4 32. hxg4 Ne5 33. Qf4 Rxg4 34. Qf2
c5 35. Kh2 Rg6 36. Kh3 0-1

[Event "Bad Woerishofen op"]
[Site "?"]
[Date "2000.??.??"]
[Round "6"]
[White "Block, Herbert"]
[Black "Meyer, Walter"]
[Result "0-1"]
[WhiteElo "1616"]
[BlackElo "1777"]
[Annotator "ChessOrg"]
[PlyCount "74"]
[EventDate "2000.??.??"]
[Source "ChessBase"]
[SourceDate "1998.04.29"]

1. c4 c5 2. Nc3 g6 3. d3 Bg7 4. Nf3 Nc6 5. e4 d6 6. h3 Nf6 7. Be2 O-O 8. Nd5 a6
9. O-O b5 10. Ne3 bxc4 11. Nxc4 Be6 12. Ncd2 Rb8 13. Rb1 Bxa2 14. Ra1 Be6 15.
Rxa6 Nb4 16. Ra3 Ra8 17. Ng5 Bd7 18. Bf3 Rxa3 19. bxa3 Nxd3 20. Qb3 Ne5 21. Be2
Qb8 22. f4 Nc6 23. Qc2 Nd4 24. Qd1 Nxe2+ 25. Qxe2 Nh5 26. Kh2 h6 27. g4 Nxf4
28. Qe3 hxg5 29. Nf3 f6 30. Kg3 d5 31. e5 Ne6 32. Kg2 d4 33. Qe4 Nf4+ 34. Bxf4
gxf4 35. e6 Bb5 36. Rb1 Qe8 37. Nh4 Bc6 0-1

[Event "Bad Woerishofen op"]
[Site "?"]
[Date "2000.??.??"]
[Round "8"]
[White "Block, Herbert"]
[Black "Krueger, Manfred"]
[Result "1-0"]
[WhiteElo "1616"]
[BlackElo "1250"]
[Annotator "ChessOrg"]
[PlyCount "100"]
[EventDate "2000.??.??"]
[Source "ChessBase"]
[SourceDate "1998.04.29"]

1. c4 Nf6 2. Nc3 e6 3. Nf3 Be7 4. d3 O-O 5. Qc2 Nc6 6. a3 d5 7. cxd5 Nxd5 8. e4
Nxc3 9. bxc3 e5 10. h3 f5 11. exf5 Bxf5 12. g4 Bg6 13. Nd2 Bh4 14. Rh2 Qd6 15.
Ne4 Qd5 16. Be3 b6 17. Bg2 Rad8 18. Nf6+ Rxf6 19. Bxd5+ Rxd5 20. Rd1 Rd7 21.
Ke2 Na5 22. Qa2+ Kh8 23. Rhh1 Rfd6 24. d4 Bf7 25. Qb1 Bc4+ 26. Ke1 Bd5 27. Rg1
Bf3 28. Rc1 exd4 29. cxd4 Re7 30. Kf1 Bd5 31. Qf5 Rd8 32. Qd3 c6 33. Ke2 b5 34.
Qc3 Bg5 35. Qxa5 Rde8 36. Rc3 Bc4+ 37. Rxc4 Bxe3 38. fxe3 Rxe3+ 39. Kd1 bxc4
40. Kc2 h6 41. g5 Rxh3 42. gxh6 Rxh6 43. Qxa7 Rh7 44. Kc3 g5 45. Qc5 Ree7 46.
Qxg5 Rhg7 47. Qh6+ Kg8 48. Rxg7+ Rxg7 49. Kxc4 Rg3 50. Qe6+ Kh8 1-0

[Event "Bad Woerishofen op"]
[Site "Bad Woerishofen"]
[Date "2000.??.??"]
[Round "9"]
[White "Block, Herbert"]
[Black "Homes, Helmut"]
[Result "0-1"]
[WhiteElo "1616"]
[BlackElo "1839"]
[Annotator "ChessOrg"]
[PlyCount "66"]
[EventDate "1998.03.05"]
[Source "ChessBase"]
[SourceDate "1998.04.29"]

1. c4 c5 2. Nc3 Nc6 3. d3 g6 4. e3 Bg7 5. Nf3 Nf6 6. Be2 O-O 7. O-O a6 8. Rb1
b6 9. h3 Bb7 10. e4 Qc7 11. g3 d6 12. Nh2 Nd4 13. Be3 Nxe2+ 14. Qxe2 h5 15. Nd5
Nxd5 16. cxd5 Bc8 17. g4 hxg4 18. hxg4 Qd7 19. f4 a5 20. Kg2 Ba6 21. Qd2 Kh7
22. Rh1 Rh8 23. f5 Kg8 24. Nf3 Rxh1 25. Rxh1 Qb5 26. d4 Rc8 27. b3 c4 28. Bh6
cxb3 29. axb3 Qxb3 30. Kg3 Rc2 31. Qg5 Bxd4 32. Qxe7 Bf2+ 33. Kg2 Bh4+ 0-1

[Event "Bad Woerishofen op"]
[Site "?"]
[Date "2000.??.??"]
[Round "1"]
[White "Borchert, Reinhard"]
[Black "Gestrich, Wolfgang"]
[Result "1-0"]
[WhiteElo "1840"]
[BlackElo "1543"]
[Annotator "ChessOrg"]
[PlyCount "120"]
[EventDate "2000.??.??"]
[Source "ChessBase"]
[SourceDate "1998.04.29"]

1. d4 d6 2. e4 Nf6 3. Bd3 c6 4. h3 h6 5. Nf3 Qc7 6. O-O Nbd7 7. b3 e5 8. c3 b5
9. Ba3 a6 10. Nbd2 c5 11. dxe5 dxe5 12. c4 b4 13. Bb2 Bd6 14. Ne1 a5 15. a4 Bb7
16. Nc2 g5 17. Ne3 O-O-O 18. Nd5 Bxd5 19. cxd5 Nb6 20. Qe2 Kb7 21. Bb5 Kb8 22.
Bc6 Qa7 23. Qb5 Kc7 24. Rac1 Nfd7 25. Rc2 f6 26. Rfc1 Rh7 27. Bxd7 Rhxd7 28.
Nc4 Nxc4 29. Qxc4 Qb6 30. Rd1 Kb7 31. Bc1 Rh8 32. Be3 Rc7 33. Rdc1 Rhh7 34. Qe2
h5 35. f3 Rc8 36. Qf2 Rhc7 37. h4 Be7 38. Rc4 Qd6 39. hxg5 fxg5 40. Qg3 Kb6 41.
Bxg5 Qg6 42. Bh4 Qxg3 43. Bxg3 Bd6 44. Kf2 Rh7 45. Rh1 Rch8 46. Bh4 Kb7 47. Ke3
Rg8 48. g3 Rf8 49. Bg5 Rff7 50. f4 h4 51. Rxh4 exf4+ 52. Rxf4 Bxf4+ 53. Bxf4
Kb6 54. Bd6 Rh3 55. Bxc5+ Kb7 56. Bd6 Rd7 57. Bf4 Rh1 58. Rd4 Rb1 59. Rd3 Rc1
60. Kd4 Ka8 1-0

[Event "Bad Woerishofen op"]
[Site "?"]
[Date "2000.??.??"]
[Round "3"]
[White "Borchert, Reinhard"]
[Black "Schneider, Georg"]
[Result "0-1"]
[WhiteElo "1840"]
[BlackElo "2140"]
[Annotator "ChessOrg"]
[PlyCount "56"]
[EventDate "2000.??.??"]
[Source "ChessBase"]
[SourceDate "1998.04.29"]

1. d4 Nf6 2. Nf3 g6 3. Nc3 Bg7 4. e4 d6 5. Be2 O-O 6. O-O c6 7. Bf4 Nh5 8. Be3
Bg4 9. h3 Bxf3 10. Bxf3 Nf6 11. Qd2 Nbd7 12. Bh6 e5 13. Bxg7 Kxg7 14. Ne2 d5
15. dxe5 Nxe5 16. Qf4 Nxf3+ 17. gxf3 Nh5 18. Qe3 Qd7 19. Kg2 Rae8 20. Rad1 Qc7
21. Rfe1 f6 22. a3 Re5 23. c4 dxe4 24. fxe4 Rfe8 25. Rd4 c5 26. Rd5 Rxe4 27.
Qd2 R8e7 28. Ng3 Nxg3 0-1

[Event "Bad Woerishofen op"]
[Site "?"]
[Date "2000.??.??"]
[Round "5"]
[White "Borchert, Reinhard"]
[Black "Schmitzer, Horst"]
[Result "1/2-1/2"]
[WhiteElo "1840"]
[BlackElo "2252"]
[Annotator "ChessOrg"]
[PlyCount "25"]
[EventDate "2000.??.??"]
[Source "ChessBase"]
[SourceDate "1998.04.29"]

1. d4 Nf6 2. c4 e6 3. Nc3 Bb4 4. Qc2 d6 5. Bg5 h6 6. Bxf6 Qxf6 7. e3 O-O 8. a3
Bxc3+ 9. Qxc3 b6 10. Be2 Bb7 11. Bf3 Bxf3 12. Nxf3 Nd7 13. O-O 1/2-1/2